MARC details
| 000 -CABECERA |
| campo de control de longitud fija |
01346nam a2200301 a 4500 |
| 001 - NÚMERO DE CONTROL |
| campo de control |
000004508 |
| 005 - FECHA Y HORA DE LA ÚLTIMA TRANSACCIÓN |
| campo de control |
20200929151441.0 |
| 008 - DATOS DE LONGITUD FIJA--INFORMACIÓN GENERAL |
| campo de control de longitud fija |
090723s1991 es a 001 0 spa d |
| 020 ## - NÚMERO INTERNACIONAL ESTÁNDAR DEL LIBRO |
| Número Internacional Estándar del Libro |
8477749973 |
| 040 ## - FUENTE DE LA CATALOGACIÓN |
| Centro catalogador/agencia de origen |
DO-SdBNP |
| Lengua de catalogación |
spa |
| Centro/agencia transcriptor |
BNPHU |
| 082 ## - NÚMERO DE LA CLASIFICACIÓN DECIMAL DEWEY |
| Número de clasificación |
410 |
| Número de documento/Ítem |
P195L |
| 240 00 - TÍTULO UNIFORME |
| Título uniforme |
Linguistics : the Cambridge Survey |
| Lenguaje de la obra |
Español |
| 245 00 - MENCIÓN DE TÍTULO |
| Título |
Panorama de la lingüistica moderna de la Universidad de Cambridge / |
| Mención de responsabilidad, etc. |
compilación de Frederick J. Newmeyer ; edición supervisada por Luis Eguren ; traducción Javier Gómez Guinovanrt. |
| 260 ## - PUBLICACIÓN, DISTRIBUCIÓN, ETC. |
| Lugar de publicación, distribución, etc. |
Madrid : |
| Nombre del editor, distribuidor, etc. |
Rogar, |
| Fecha de publicación, distribución, etc. |
1991. |
| 300 ## - DESCRIPCIÓN FÍSICA |
| Extensión |
4 v. ; |
| Dimensiones |
23 cm. |
| 490 1# - MENCIÓN DE SERIE |
| Mención de serie |
Visor, lingüística y conocimiento |
| Designación de volumen o secuencia |
7-10 |
| 500 ## - NOTA GENERAL |
| Nota general |
Incluye índice |
| 500 ## - NOTA GENERAL |
| Nota general |
Incluye notas al pie de las páginas |
| 500 ## - NOTA GENERAL |
| Nota general |
La biblioteca posee v.1 y v.2 |
| 534 ## - NOTA SOBRE LA VERSIÓN ORIGINAL |
| Encabezamiento principal del original |
Linguistics : the Cambridge Survey |
| 505 2# - NOTA DE CONTENIDO CON FORMATO |
| Nota de contenido con formato |
v. 1.Teoría lingüistica: fundamentos. v. 2 -- Teoría lingüística: extensiones e implicaciones. v.3 -- El lenguaje: aspectos psicológicos y biológicos. v.4 -- El lenguaje: contexto socio-cultural |
| 650 #4 - PUNTO DE ACCESO ADICIONAL DE MATERIA--TÉRMINO DE MATERIA |
| Término de materia o nombre geográfico como elemento de entrada |
Lingüística |
| 9 (RLIN) |
4035 |
| 700 1# - PUNTO DE ACCESO ADICIONAL--NOMBRE DE PERSONA |
| Nombre de persona |
Newmeyer, Frederick F., |
| Término indicativo de función/relación |
comp. |
| 9 (RLIN) |
13180 |
| 700 1# - PUNTO DE ACCESO ADICIONAL--NOMBRE DE PERSONA |
| Nombre de persona |
Eguren, Luis, |
| Término indicativo de función/relación |
ed. |
| 9 (RLIN) |
13181 |
| 700 1# - PUNTO DE ACCESO ADICIONAL--NOMBRE DE PERSONA |
| Nombre de persona |
Gómez Guinovart, Javier, |
| Término indicativo de función/relación |
tr. |
| 9 (RLIN) |
13182 |
| 830 #1 - PUNTO DE ACCESO ADICIONAL DE SERIE-TÍTULO UNIFORME |
| Título uniforme |
Visor, lingüística y conocimiento |
| Número de parte o sección de la obra |
v7-10 |
| 9 (RLIN) |
13183 |
| 910 ## - DATOS DE OPCIÓN DEL USUARIO (OCLC) |
| Datos de opción del usuario |
Validado. Control de calidad MMOLINA |